|
|
|
|
| LEADER |
01088cam a2200277 7i4500 |
| 001 |
0000031934 |
| 005 |
20170615090000.0 |
| 008 |
100204 bm |
| 020 |
|
|
|a 9833585043 (pbk.)
|
| 020 |
|
|
|a 9799833585044 (pbk.)
|
| 090 |
0 |
0 |
|a BF724.3.M65
|b A87 2003
|
| 100 |
0 |
|
|a Arieff Salleh Rosman
|
| 245 |
1 |
0 |
|a Membentuk jati diri
|c Arieff Salleh Rosman, Wardah Mokhtar.
|
| 246 |
0 |
|
|a Membentuk jati diri remaja:
|b buku panduan bagi remaja membina identiti diri.
|
| 260 |
|
|
|a Bentong, Pahang:
|b PTS Pub.,
|c 2003.
|
| 300 |
|
|
|a vi, 149 p.;
|c 23 cm.
|
| 490 |
0 |
|
|a Siri motivasi remaja
|
| 504 |
|
|
|a Includes bibliographical references
|
| 650 |
0 |
0 |
|a Motivation (Psychology) in adolescence
|
| 650 |
0 |
0 |
|a Muslim youth --
|x Conduct of life
|
| 700 |
0 |
|
|a Wardah Mokhtar
|
| 997 |
|
|
|a Centre for Graduate Studies
|
| 997 |
|
|
|a Education & Social Sciences, Faculty
|b Education, Department
|
| 999 |
|
|
|a 0000039757
|b BOK
|c OPEN SHELF
|e 1st Floor, Shah Alam
|
| 999 |
|
|
|a 0000039758
|b BOK
|c OPEN SHELF
|e 1st Floor, Shah Alam
|
| 999 |
|
|
|a 0000039759
|b BOK
|c OPEN SHELF
|e 1st Floor, Shah Alam
|